000 00604nam a2200193Ia 4500
005 20250507130319.0
008 008 250505s9999 xx 000 0 eng d
037 _aAnnuals, Advances
040 _aEASL
_beng
_cEASL
041 _aeng
_2eng
084 _aX.41.N90, N0
_qEASL
100 _aHo Alfred K.
_9281032
245 0 _aJoint ventures in the people's republic of China : Can capitalism and communism coexist
260 _aUK
_bLondon Westport connecticut
_c1990
300 _a170p.
365 _b2124.63
942 _cTEXL
_hX.41.N90, N0
999 _c1318938
_d1318938